000 00272nam a2200121Ia 4500
008 190216s9999||||xx |||||||||||||| ||und||
100 _aGlinka N
245 0 _aGeneral Chemistry
260 _bPeace Publications
_c1992
300 _a710p
650 _aChemistry
942 _cBK
999 _c1945
_d1945